| 000 | 00508cam a2200181 i 4500 | ||
|---|---|---|---|
| 001 | 3665614 | ||
| 005 | 20241113172306.0 | ||
| 008 | 770531s1977 cau b 000 0beng | ||
| 020 |
_a0060607866 : _c$2.25 |
||
| 050 | 1 | 0 |
_aBT450 _b.B54 1977 |
| 082 | 0 | 0 | _a232.9/63 |
| 100 | 1 |
_aBishop, Jim, _d1907-1987. |
|
| 245 | 1 | 4 |
_aThe day Christ died / _cJim Bishop. |
| 260 |
_aSan Francisco : _bHarper & Row, _c1977. |
||
| 300 |
_axix, 306 p. ; _c18 cm. |
||
| 650 | 0 |
_aChristian biography _zPalestine. |
|
| 942 |
_2lcc _cBK _n0 |
||
| 999 |
_c1146 _d1146 |
||